|
|
|
|
| LEADER |
00000naa2a2200000 4500 |
| 001 |
420410 |
| 005 |
20231101073352.0 |
| 035 |
|
|
|a (RuTPU)RU\TPU\prd\77958
|
| 035 |
|
|
|a RU\TPU\prd\77957
|
| 090 |
|
|
|a 420410
|
| 100 |
|
|
|a 20100309a1975 k y0rusy50 ca
|
| 101 |
0 |
|
|a rus
|
| 102 |
|
|
|a RU
|
| 200 |
1 |
|
|a Регистрация электромагнитных импульсов при полиморфных превращениях кварца
|f А. А. Воробьев, В. Н. Сальников, С. Д. Заверткин
|
| 210 |
|
|
|d 1975
|
| 320 |
|
|
|a Библиогр.: 8 назв.
|
| 461 |
|
0 |
|0 (RuTPU)RU\TPU\prd\191
|x 0021-3411
|t Известия вузов. Физика
|f Министерство общего и профессионального образования Российской Федерации ; Томский Госуниверситет
|d 1958-
|
| 463 |
|
1 |
|0 (RuTPU)RU\TPU\prd\76799
|t № 8
|v С. 138-141
|d 1975
|
| 610 |
1 |
|
|a труды учёных ТПУ
|
| 700 |
|
1 |
|a Воробьев
|b А. А.
|c российский физик
|c ректор Томского политехнического института, профессор
|f 1909-1981
|g Александр Акимович
|2 stltpush
|3 (RuTPU)RU\TPU\pers\12805
|4 070
|
| 701 |
|
1 |
|a Сальников
|b В. Н.
|c российский геолог
|c доктор геолого-минералогических наук, профессор Томского политехнического университета
|g Владимир Николаевич
|2 stltpush
|3 (RuTPU)RU\TPU\pers\23466
|
| 701 |
|
1 |
|a Заверткин
|b С. Д.
|c электрофизик
|c профессор Томского политехнического университета, доктор геолого-минералогических наук, кандидат физико-математических наук
|f 1951-2013
|g Сергей Дмитриевич
|2 stltpush
|3 (RuTPU)RU\TPU\pers\28126
|
| 801 |
|
1 |
|a RU
|b 63413507
|c 20091014
|
| 801 |
|
2 |
|a RU
|b 63413507
|c 20160920
|g RCR
|
| 942 |
|
|
|c BK
|